000 01063nam a2200313 i 4500
001 bg
003 BPK
005 20200428101156.0
008 090715s2002 pl a f f |001 0 pol
020 _a8321342485
040 _cBPK
041 _apol
044 _aPOL
080 _a624.012.4
080 _a(075.8)
100 1 _aGrabiec, Kalikst
_d(1920-2002)
_eAutor
245 1 0 _aObliczanie przekrojów w elementach betonowych i żelbetowych według PN-B-03264:1999 /
_cKalikst Grabiec, Janina Bogucka, Teresa Grabiec-Mizera.
260 _aWarszawa :
_bWydawnictwo "Arkady",
_c2002.
300 _a406 s. :
_bil. ;
_c25 cm.
504 _aBibliogr. s. 405-406.
655 4 _aPodręczniki akademickie
650 4 _aKonstrukcje betonowe
650 4 _aKonstrukcje żelbetowe
700 1 _aBogucka, Janina.
700 1 _aGrabiec Mizera, Teresa.
710 2 _aWydawnictwo "Arkady".
_4pbl.
942 _cKS
_2UKD
856 _uhttp://koha.tu.koszalin.pl/cgi-bin/koha/opac-detail.pl?biblionumber=56507
_yKatalog online BPK
999 _c56507
_d56507